Un sistema básico de indicadores para los centros escolares (Record no. 170256)
[ view plain ]
| 000 -CABECERA | |
|---|---|
| campo de control de longitud fija | 01789nab a2200301 a 4500 |
| 005 - FECHA Y HORA DE LA ÚLTIMA TRANSACCIÓN | |
| campo de control | 20210219162118.0 |
| 008 - ELEMENTOS DE LONGITUD FIJA--INFORMACIÓN GENERAL | |
| campo de control de longitud fija | 991125s1985 mx 000 0 spa u |
| 035 ## - NÚMERO DE CONTROL DEL SISTEMA | |
| Número de control de sistema | UPN01000198155 |
| 049 ## - COLECCIÓN | |
| Colección | ART-E |
| 100 1# - ASIENTO PRINCIPAL--NOMBRE PERSONAL | |
| Nombre de persona | Puente Azcutia, Julio |
| 222 ## - TÍTULO CLAVE | |
| Título clave | PARTICIPACION EDUCATIVA : |
| Información calificativa | REVISTA DEL CONSEJO ESCOLAR DEL ESTADO |
| 245 ## - MENCIÓN DE TÍTULO | |
| Título | Un sistema básico de indicadores para los centros escolares |
| 260 ## - PUBLICACIÓN, DISTRIBUCIÓN, ETC. | |
| Lugar de publicación, distribución, etc. | España |
| 300 ## - DESCRIPCIÓN FÍSICA | |
| Extensión | 93-99 |
| 362 ## - FECHAS DE PUBLICACIÓN Y/O DESIGNACIÓN SECUENCIAL | |
| Fecha de publicación y/o designación secuencial | 2013, no. 3, dic. |
| 336 ## - TIPO DE CONTENIDO | |
| Término de tipo de contenido | texto$2rdacontent |
| 337 ## - TIPO DE MEDIO | |
| Nombre/término del tipo de medio | computadora$2rdamedia |
| 338 ## - TIPO DE SOPORTE | |
| Nombre/término del tipo de soporte | recurso en linea$2rdacarrier |
| 520 ## - NOTA DE RESUMEN, ETC. | |
| Sumario, etc. | Un sistema básico de indicadores educativos para los centros escolares facilita la transparencia de la gestión educativa y el conocimiento y la valoración de los aspectos más relevantes del funcionamiento y de los resultados de la institución escolar. El sistema básico debe constar de un número reducido de indicadores que sean relevantes, sencillos, estables, claros y viables. Los resultados educativos deben ser una parte fundamental del sistema básico, aunque necesitan ser interpretados teniendo en cuenta las condiciones socioeconómicas y socioculturales del centro escolar. El sistema básico de indicadores escolares debe ser accesible a todos los sectores de la comunidad educativa y a todos los ciudadanos en general. Corresponde a al Administración Educativa garantizar la objetividad y la validez de los indicadores del sistema básico de cada centro. |
| 653 0# - TERMINO DE INDIZACION - NO CONTROLADO | |
| Término no controlado | EVUALUACION EDUCATIVA |
| 653 0# - TERMINO DE INDIZACION - NO CONTROLADO | |
| Término no controlado | MEJORA EDUCATIVA |
| 653 0# - TERMINO DE INDIZACION - NO CONTROLADO | |
| Término no controlado | TRANSPARENCIA |
| 653 0# - TERMINO DE INDIZACION - NO CONTROLADO | |
| Término no controlado | INDICADORES EDUCATIVOS |
| 653 0# - TERMINO DE INDIZACION - NO CONTROLADO | |
| Término no controlado | CALIDAD EDUCATIVA |
| 856 4# - LOCALIZACIÓN Y ACCESO ELECTRÓNICOS | |
| Identificador Uniforme del Recurso | <a href="http://ntic.educacion.es/cee/revista/pdfs/n3art_julio_puente.pdf">http://ntic.educacion.es/cee/revista/pdfs/n3art_julio_puente.pdf</a> |
| 905 ## - TIPO DE MATERIAL | |
| Tipo de material | Articulo |
No items available.
